000 00677nam a22002297a 4500
999 _c2775
_d2775
003 AR-CdUCM
008 190305b ||||| |||| 00| 0 spa d
040 _aMUNICIPALIDAD PROVINCIAL DEL CUSCO
_cBIBLIOTECA MUNICIPAL DEL CUSCO
041 _hrus
082 _a891.7 /
_bM18
100 _aMakarenko, A.
_99674
245 _aPoema pedagógico /
260 _aMoscú :
_bEdiciones en lenguas extranjeras,
300 _a3 tomos ;
_c17 cm.
650 _aNovelas
_9218
650 _aNovelas políticas (Comunismo)
_99675
650 _aNovelas rusas
_92132
650 _aNovelas siglo XX
_9797
700 _aTsarevich, I. (traductor)
_99676
942 _2ddc
_cLIBROS
945 _azta